000 02273nam0a2200349 4500
001 RU\NLR\bibl\913248
005 20250614184033.0
010 _a5-88476-669-6
_9100
021 _aRU
_b2005-83589
_94128
035 _a(NLR Aleph) 000901576
090 _a1777688
_c1777688
100 _a20060306d2005 |||y0rusy50 ca
101 0 _arus
102 _aRU
105 _ay |||||||||
200 1 _aВлияние урбанизации на окружающую среду и здоровье человека в условиях Крайнего Севера
_eучебно-методическое пособие для студентов специальностей 011600 "Биология", 012500 "География" и 011300 "Экология"
_fА.А. Лештаев, А.В. Николаев
_gФедер. агентство по образованию, Мурм. гос. пед. ун-т
210 _aМурманск
_cМурманский государственный педагогический университет
_d2005
215 _a85 с.
_d21
320 _aБиблиогр. в конце занятий
606 1 _aУрбанизация
_jУчебно-методические пособия для высших учебных заведений
_xВлияние на окружающую среду
_yРоссийская Федерация
_yКрайний Север
_92425673
_3RU\NLR\auth\661444192
606 1 _aОкружающая среда
_jУчебно-методические пособия
_xЗагрязнение
_yРоссийская Федерация
_yСевер
_92424503
_3RU\NLR\auth\661443590
606 1 _aЗдоровье
_jУчебно-методические пособия
_xВлияние экологических факторов
_yРоссийская Федерация
_yСевер
_92324644
_3RU\NLR\auth\661390526
686 _aУ28(2)2(2Р1)я73
686 _aР121.1(2Р1)я73
700 1 _aЛештаев
_bА. А.
_gАлексей Александрович
_4070
701 1 _aНиколаев
_bА. В.
_gАлексей Викторович
_4070
801 0 _aRU
_bNLR
_c20060306
_grcr
801 1 _aRU
_bNLR
_c20060306
830 _aАвт. по кн.
942 _cBOOK
980 _aNB